01739nam a2200313 i 4500001001000000003000900010005001700019007000300036008004100039040003000080049000900110082001400119100003600133245013500169264006400304300002800368336002700396337003300423338002800456500003800484590002600522910001500548942001400563952021800577952020400795952021300999952019601212999001701408000021617DO-SdBNP20231006133558.0ta100909s1945 dr 000 0 spa d aDO-SdBNPbspacBNPHUerda aBNPD 4bM917e2221 aMota M., Fabio A.944988eautor10aUn estadista de América :bobra socio-política de Trujillo. (Filosofía-Historia-Estadística 1930-1944) /cFabio A. Mota M. aCiudad Trujillo, República Dominicana :bMontalvo,c1945. a255 páginas ;c23 cm. 2rdacontentatextobtxt 2rdamediaasin mediaciónbn 2rdacarrieravolumenbnc aIncluye notas al pie de páginas aInventariado, 2023/BT abtavárez 2ddccLBS1 00102ddc56708R-RVaBNPHUbBNPHUcCTd2011-07-20eDonaciónl0oBNPHU RV-DS M917ep21617-30r2020-06-25te. 3w2020-06-25yLBS1zPerteneció a la biblioteca personal de Julio Ortega Frier.ZPréstamo en sala 00102ddc51708PD-RVaBNPHUbBNPHUcCTd2010-09-09eDonaciónl0oBNPHU RV-PD M917ep21617-10r2020-06-25w2020-06-25yLBS1zPerteneció a la biblioteca personal de Martínez Boog.ZNo se presta 00102ddc51708PD-RVaBNPHUbBNPHUcCTd2010-09-09eDonaciónl0oBNPHU RV-PD M917ep21617-20r2020-06-25te. 2w2020-06-25yLBS1zPerteneció a la biblioteca personal de Julio Ortega Frier.ZNo se presta 00102ddc56708R-RVaBNPHUbBNPHUcCTd2023-10-06eDonaciónl0oBNPHU RV-DS M917ep2023-6746r2023-10-06te.4w2023-10-06yLBS1zPerteneció a la biblioteca personal de Bárbara Suncar. c21116d21116